Introduction to statistics (Record no. 473873)
[ view plain ]
| 000 -LEADER | |
|---|---|
| fixed length control field | 00343 a2200145 4500 |
| 082 ## - DEWEY DECIMAL CLASSIFICATION NUMBER | |
| Classification number | 519.5 WAL |
| 090 ## - LOCALLY ASSIGNED LC-TYPE CALL NUMBER (OCLC); LOCAL CALL NUMBER (RLIN) | |
| -- | 39817 |
| -- | 39817 |
| 100 ## - MAIN ENTRY--PERSONAL NAME | |
| Personal name | Walpole R E |
| 245 ## - TITLE STATEMENT | |
| Title | Introduction to statistics |
| Statement of responsibility, etc. | English |
| 250 ## - EDITION STATEMENT | |
| Edition statement | 3 rd |
| 260 ## - PUBLICATION, DISTRIBUTION, ETC. | |
| Place of publication, distribution, etc. | N.Y |
| Name of publisher, distributor, etc. | Macmillan |
| Date of publication, distribution, etc. | 1982 |
| 300 ## - PHYSICAL DESCRIPTION | |
| Extent | 521p. |
| 500 ## - GENERAL NOTE | |
| General note | H & S Textbook |
| 942 ## - ADDED ENTRY ELEMENTS (KOHA) | |
| Institution code [OBSOLETE] | NUST-CAE |
| Call number prefix | 519.5 WAL |
| Koha item type | |
| Withdrawn status | Lost status | Damaged status | Not for loan | Permanent Location | Current Location | Date acquired | Total Checkouts | Full call number | Barcode | Date last seen | Price effective from | Koha item type |
|---|---|---|---|---|---|---|---|---|---|---|---|---|
| College of Aeronautical Engineering (CAE) | College of Aeronautical Engineering (CAE) | 03/30/2018 | 519.5 WAL | CAE59672 | 03/30/2018 | 03/30/2018 | Book | |||||
| College of Aeronautical Engineering (CAE) | College of Aeronautical Engineering (CAE) | 03/30/2018 | 519.5 WAL | CAE59655 | 03/30/2018 | 03/30/2018 | Book | |||||
| College of Aeronautical Engineering (CAE) | College of Aeronautical Engineering (CAE) | 03/30/2018 | 519.5 WAL | CAE59670 | 03/30/2018 | 03/30/2018 | Book | |||||
| College of Aeronautical Engineering (CAE) | College of Aeronautical Engineering (CAE) | 03/30/2018 | 519.5 WAL | CAE59666 | 03/30/2018 | 03/30/2018 | Book | |||||
| College of Aeronautical Engineering (CAE) | College of Aeronautical Engineering (CAE) | 03/30/2018 | 519.5 WAL | CAE59649 | 03/30/2018 | 03/30/2018 | Book | |||||
| College of Aeronautical Engineering (CAE) | College of Aeronautical Engineering (CAE) | 03/30/2018 | 519.5 WAL | CAE59651 | 03/30/2018 | 03/30/2018 | Book |
